00730 2200169 4500245002900000020002200029250001100051100001100062650002000073005001900093260004200112041001400154084000800168300002300176500035200199336000900551 a3600 DetikcCharonhText a978-602-03-0398-7 aCet. 1 aCharon aNovel Indonesia a20231003142351 aJakartabGramedia Pustaka Utamac2014 aIndonesia a813 a200 hlm. :c20 cm. aSandra sangat terpukul ketika orangtuanya bercerai. Dan hatinya semakin sakit ketika ayahnya memutuskan ia harus tinggal bersama ibunya, yang selama ini tak pernah dekat dengannya. Kemarahan yang dipendam membuat Sandra menjadi remaja bandel. Berulang kali ia dikeluarkan dari sekolah karena kenakalannya di luar batas. Lambat laun Sandra berubah. atext